| 000 | 00000nam##2200000za#4500 |
| 001 | 9.663216 |
| 003 | CaOODSP |
| 005 | 20200330091721 |
| 007 | ta |
| 008 | 150407|1999||||xxc||||| f|0| 0 fre|d |
| 020 | |a0-662-66084-6 |
| 040 | |aCaOODSP|bfre |
| 041 | |aeng |
| 041 | |afre |
| 043 | |an-cn--- |
| 086 | 1 |aE2-228/1999 |
| 110 | 1 |aCanada.|bAffaires étrangères et Commerce international. |bCentre canadien pour le développement de la politique étrangère. |
| 245 | 10|aRapport de la Table ronde de Calgary : |bcontribution à la discussion sur les politiques canadiennes dans les Amériques |
| 260 | |aOttawa - Ontario : |bAffaires étrangères et Commerce international. |c2001. |
| 300 | |aTexte français, 24p. (y compris 13 pages sans pagination). ; |c28 cm. |
| 500 | |aN.B.: L'ISBN (0-662-85627-9) et numéro de catalogue (E2-228/1999F) imprimés sur cette publication sont incorrects. |
| 546 | |aBilingue |
| 563 | |aCouverture souple |
| 590 | |a01-48|b2001-11-30 |
| 776 | 0#|tContribution à la discussion sur les politiques canadiennes dans les Amériques : |w(CaOODSP)9.637756 |
| 776 | 0#|tHelping to Develop a Canadian Discussion on the Americas (March 17, 1999 Calgary) : |w(CaOODSP)9.686027 |
| 791 | |tReport from the Calgary Roundtable : |eeng|w(CaOODSP)9.663215 |
| 986 | |a8004.1F |